000 00653nam a2200229Ia 4500
003 OSt
005 20220925213455.0
006 a|||||r|||| 00| 0
007 ta
008 220923b |||||||| |||| 00| 0 eng d
020 _a0 521 2530 x
037 _cGeneral Book
040 _aRTL
_cRTL
_beng
041 _2eng
_aeng
082 _aY:(R34), M3/TD
100 _aElster Jon
_948422
245 0 _aSour Grapes
_b Studies in the subversion of rationality
260 _aLondon
_bCambridge University Press
_c1983
300 _a177p.
_ccm.
942 _hY:(R34), M3/TD
_cGB
_2CC
999 _c563001
_d563001